| 000 | 00659nam a22002057a 4500 | ||
|---|---|---|---|
| 003 | 0 | ||
| 005 | 20230927113800.0 | ||
| 008 | 230927b xxu||||| |||| 00| 0 eng d | ||
| 020 | _a978-0-357-65834-5 | ||
| 050 |
_aHF 5548.8 _b.Aa5 2023 |
||
| 100 | _aAamodt, Michael G. | ||
| 245 |
_aIndustrial/organizational psychology : an applied approach _cMichael G. Aamodt |
||
| 250 | _aNinth edition | ||
| 260 |
_aBoston, MA _bCengage _cc2023. |
||
| 300 |
_axviii, 669 pages : _bcol. ill. ; _c26 cm. |
||
| 500 | _aPsychology. | ||
| 504 | _aIncludes bibliographical references, glossary, and index. | ||
| 650 | _aPsychology, organizational. | ||
| 942 |
_2lcc _cBK |
||
| 999 |
_c365415 _d365415 |
||